[Event "Team Sweden Open Knockout Tournament 2007"]
[Site "SchemingMind.com"]
[Date "2007.05.20"]
[Round "-"]
[White "peeuukoo"]
[Black "fouche"]
[Result "1-0"]
[WhiteCountry "FIN"]
[BlackCountry "COL"]
[WhiteElo "1916"]
[WhiteRD "90"]
[BlackElo "1617"]
[BlackRD "70"]
[GameID "105851"]

1. d4 Nf6 2. c4 e6 3. Nc3 Bb4 4. Qc2 c5 5. dxc5 Nc6 6. e3 O-O 7. Nf3 Qa5 8. Bd2 Qxc5 9. a3 Bxc3 10. Bxc3 Qe7
11. Be2 d5 12. b4 Rd8 13. O-O h6 14. b5 Nb8 15. Bb4 Qd7 16. c5 a5 17. Bc3 Ne4 18. Bd4 f6 19. Rab1 e5 20. Ba1 Qe6
21. Rfd1 Nd7 22. Rxd5 Nexc5 23. Rxc5 Nxc5 24. Bc4 Rd5 25. e4
1-0

[Event "Team Sweden Open Knockout Tournament 2007"]
[Site "SchemingMind.com"]
[Date "2007.05.21"]
[Round "-"]
[White "clario"]
[Black "jtrochez1"]
[Result "1-0"]
[WhiteCountry "RSA"]
[BlackCountry "HON"]
[WhiteElo "2213"]
[WhiteRD "172"]
[BlackElo "1549"]
[BlackRD "50"]
[GameID "106192"]

1. d4 d5 2. c4 e6 3. Nc3 Nf6 4. Nf3 h6 5. e3 Nc6 6. Bd3 Be7 7. O-O a6 8. b3 O-O 9. a3 b6 10. Bb2 Ne8
11. cxd5 exd5 12. e4 dxe4 13. Bxe4 Bd7 14. Ne5 Nxe5 15. Bxa8 Qxa8 16. dxe5 Be6 17. Ne2 c5 18. Nf4 Nc7 19. Nxe6 Nxe6 20. Qc2 Nf4
21. f3 Rc8 22. Qf5 Ne2+ 23. Kh1 g6 24. Qd7 Bh4 25. e6 Rf8 26. Rfe1 Nd4 27. exf7+
1-0

[Event "Team Sweden Open Knockout Tournament 2007"]
[Site "SchemingMind.com"]
[Date "2007.05.21"]
[Round "-"]
[White "jtrochez1"]
[Black "clario"]
[Result "0-1"]
[WhiteCountry "HON"]
[BlackCountry "RSA"]
[WhiteElo "1569"]
[WhiteRD "49"]
[BlackElo "2209"]
[BlackRD "171"]
[GameID "106199"]

1. e4 c6 2. Bc4 d5 3. exd5 cxd5 4. Be2 e5 5. d3 Nc6 6. Bd2 Nf6 7. Nc3 Be7 8. Nf3 O-O 9. h3 Bf5 10. a3 e4
11. dxe4 dxe4 12. Nh4 Be6 13. Bg4 Nxg4 14. g3 Nge5 15. Be3 Bxh4 16. Qh5 Bc4 17. Qxh4 Nf3#
0-1

[Event "Team Sweden Open Knockout Tournament 2007"]
[Site "SchemingMind.com"]
[Date "2007.06.04"]
[Round "-"]
[White "Ingemar Assarsjö"]
[Black "C. H. O'D. Schlechter"]
[Result "0-1"]
[WhiteCountry "SWE"]
[BlackCountry "USA"]
[WhiteElo "1910"]
[WhiteRD "89"]
[BlackElo "2349"]
[BlackRD "63"]
[GameID "107309"]

1. e4 e5 2. Nf3 Nc6 3. Bc4 Bc5 4. b4 Bxb4 5. c3 Ba5 6. d4 exd4 7. O-O Nge7 8. Ng5 Ne5 9. Nxf7 Nxf7 10. Bxf7+ Kxf7
11. Qh5+ g6 12. Qxa5 d5 13. Bg5 b6 14. Qb4 c5 15. Qb3 Be6 16. exd5 Qxd5 17. Bxe7 Qxb3 18. axb3 Kxe7 19. cxd4 cxd4 20. b4 a5
21. bxa5 Rxa5 22. Nd2 Rc8 23. Rab1 Rc6 24. Rfe1 Rd5 25. h3 b5 26. Nf3 d3 27. Red1 Rc2 28. Ne1 Rc3 29. Nxd3 Rcxd3 30. Rxd3 Rxd3
31. Rxb5 h5 32. Rb2 h4 33. Kh2 g5 34. Re2 Kf6 35. Rc2 Ra3 36. Rb2 Ra2 37. Rxa2 Bxa2 38. g3 Ke5 39. Kg2 Ke4
0-1

[Event "Team Sweden Open Knockout Tournament 2007"]
[Site "SchemingMind.com"]
[Date "2007.06.04"]
[Round "-"]
[White "C. H. O'D. Schlechter"]
[Black "Ingemar Assarsjö"]
[Result "1-0"]
[WhiteCountry "USA"]
[BlackCountry "SWE"]
[WhiteElo "2371"]
[WhiteRD "65"]
[BlackElo "1913"]
[BlackRD "84"]
[GameID "107316"]

1. d4 Nf6 2. c4 e6 3. Nc3 d5 4. cxd5 exd5 5. Bg5 c6 6. e3 Be7 7. Bd3 Nbd7 8. Nge2 O-O 9. O-O Re8 10. Qc2 Nf8
11. f3 Ng6 12. Rad1 Be6 13. h3 Nh5 14. Bxe7 Qxe7 15. Qd2 Qg5 16. f4 Qh6 17. f5 Bxf5 18. Bxf5 Qxe3+ 19. Qxe3 Rxe3 20. Rd3 Rae8
21. Rxe3 Rxe3 22. Kf2 Re8 23. b4 Ngf4 24. Nxf4 Nxf4 25. b5 g6 26. Bd7 Re7 27. bxc6 bxc6 28. Bxc6 Rc7 29. Nxd5 Nxd5 30. Bxd5 Rd7
31. Bb3 Rxd4 32. Bxf7+ Kg7 33. Bb3 h5 34. Rd1 Rf4+ 35. Ke3 Rf7 36. Bxf7
1-0

[Event "Team Sweden Open Knockout Tournament 2007"]
[Site "SchemingMind.com"]
[Date "2007.06.10"]
[Round "-"]
[White "Mortadulo"]
[Black "Rhel"]
[Result "0-1"]
[WhiteCountry "USA"]
[BlackCountry "GBR"]
[WhiteElo "1735"]
[WhiteRD "84"]
[BlackElo "2146"]
[BlackRD "111"]
[GameID "108294"]

1. Nc3 Nf6 2. e4 e5 3. Bc4 Nc6 4. Nf3 Bc5 5. d3 d6 6. Bg5 h6 7. Bxf6 Qxf6 8. Nd5 Qd8 9. c3 a6 10. b4 Ba7
11. a4 Be6 12. Nd2 O-O 13. Nf1 Ne7 14. Nxe7+ Qxe7 15. Nd2 Qf6 16. Qf3 Qxf3 17. Nxf3 Bd7 18. h3 Rfe8 19. g4 b5 20. axb5 axb5
21. Bb3 Bb6 22. Ke2 g6 23. Nh4 Kg7 24. f3 Rxa1 25. Rxa1 h5 26. gxh5 Rh8 27. hxg6 fxg6
0-1

[Event "Team Sweden Open Knockout Tournament 2007"]
[Site "SchemingMind.com"]
[Date "2007.06.10"]
[Round "-"]
[White "Rhel"]
[Black "Mortadulo"]
[Result "1-0"]
[WhiteCountry "GBR"]
[BlackCountry "USA"]
[WhiteElo "2146"]
[WhiteRD "111"]
[BlackElo "1735"]
[BlackRD "84"]
[GameID "108301"]

1. d4 Nf6 2. c4 c5 3. d5 b5 4. cxb5 a6 5. bxa6 g6 6. Nc3 Bxa6 7. g3 d6 8. Bg2 Bg7 9. Nf3 Nbd7 10. Rb1 Qa5
11. O-O Bc4 12. Bd2 Qa6 13. Ng5 Nb6 14. b3 Bxd5 15. Nxd5 Nfxd5 16. a4 e6 17. a5 Nd7 18. b4 Rb8 19. Bxd5 exd5 20. Bf4 Rxb4
21. Qxd5 Rxf4 22. gxf4 O-O 23. Qb7 Nb8 24. Qxa6 Nxa6 25. Rb6 Nb4 26. Rxd6 h6 27. Ne4 c4 28. Rc1 Bb2 29. Rxc4
1-0

[Event "Team Sweden Open Knockout Tournament 2007"]
[Site "SchemingMind.com"]
[Date "2007.07.18"]
[Round "-"]
[White "ekulrac"]
[Black "trashy"]
[Result "0-1"]
[WhiteCountry "SCO"]
[BlackCountry "POR"]
[WhiteElo "1670"]
[WhiteRD "56"]
[BlackElo "2064"]
[BlackRD "98"]
[GameID "112785"]

1. e4 Nf6 2. Nc3 d5 3. exd5 Nxd5 4. Nxd5 Qxd5 5. Nf3 Bg4 6. Be2 Nc6 7. O-O O-O-O 8. d3 e5 9. c4 Qd7 10. Qa4 Be7
11. Be3 b6 12. c5 Kb8 13. Rac1 Nd4 14. Bd1 Qxa4 15. Bxa4 Bxf3 16. cxb6 axb6 17. gxf3 Ne2+ 18. Kg2 Nxc1 19. Rxc1 Rxd3 20. Bc6 Rd6
21. a4 Rhd8 22. a5 Rg6+ 23. Kf1 Bg5 24. a6 Ka7 25. Be4 Bxe3
0-1

[Event "Team Sweden Open Knockout Tournament 2007"]
[Site "SchemingMind.com"]
[Date "2007.07.18"]
[Round "-"]
[White "trashy"]
[Black "ekulrac"]
[Result "1-0"]
[WhiteCountry "POR"]
[BlackCountry "SCO"]
[WhiteElo "2064"]
[WhiteRD "98"]
[BlackElo "1670"]
[BlackRD "56"]
[GameID "112791"]

1. d4 d5 2. Nf3 Nf6 3. c4 e6 4. Nc3 c6 5. Bg5 Nbd7 6. e3 Bd6 7. Rc1 O-O 8. cxd5 exd5 9. Bd3 Qe7 10. O-O h6
11. Bh4 Re8 12. Ne2 Nf8 13. Bg3 Bxg3 14. Nxg3 Bg4 15. h3 Bxf3 16. Qxf3 N8h7 17. Nf5 Qf8 18. Rc3 Ne4 19. Bxe4 Rxe4 20. Rb3 b6
21. Rc1 g6 22. Qg3 Kh8 23. Nd6 Re6 24. Rxc6 Qe7 25. Rbc3 Nf6 26. Rc8+ Rxc8 27. Rxc8+ Kh7 28. Nb5 Kg7 29. Qc7 Nd7 30. Nxa7 Nf6
31. Qxe7 Rxe7 32. Nb5 Re6 33. a4 Ne4 34. Nc7
1-0

[Event "Team Sweden Open Knockout Tournament 2007"]
[Site "SchemingMind.com"]
[Date "2007.07.18"]
[Round "-"]
[White "MichaelDV"]
[Black "clario"]
[Result "1/2-1/2"]
[WhiteCountry "SWE"]
[BlackCountry "RSA"]
[WhiteElo "2347"]
[WhiteRD "64"]
[BlackElo "2206"]
[BlackRD "121"]
[GameID "113165"]

1. d4 d5 2. Nf3 Nf6 3. c4 e6 4. g3 Be7 5. Bg2 O-O 6. O-O dxc4 7. Qc2 a6 8. Qxc4 b5 9. Qc2 Bb7 10. Bd2 Be4
11. Qc1 Nbd7 12. Ba5 Rc8 13. Nbd2 Ba8 14. a4 Nb8 15. axb5 axb5 16. Nb3 Bd5 17. Nc5 Nc6 18. Rd1 b4 19. Qd2 Rb8 20. Qf4 Bd6
21. Ne5 Bxg2 22. Kxg2 Qe8 23. Na6 Nxa5 24. Nxb8 Nb3 25. Na6 Nxa1 26. Rxa1 Qb5 27. Qe3 Ra8 28. Qd3 Qxd3 29. Nxd3 Nd7 30. Ra2 b3
31. Ra4 e5 32. dxe5 Nxe5 33. Nc1 Ra7 34. Nxb3 Nd7 35. Nac5 Nxc5 36. Rxa7 Nxb3 37. Ra8+ Bf8 38. Kf3 Nd2+ 39. Kf4 f6 40. Rd8 Nc4
41. b3 Na5 42. Rb8 Kf7 43. Rb5 Nc6 44. Ke4 g6 45. Kd5 Ne7+ 46. Kc4 Nc8 47. Rb8 Nb6+ 48. Kb5 Nd7 49. Rd8 Ke7 50. Rc8 Kd6
51. e4 Be7 52. f4 Nc5 53. Rh8 Nxb3 54. Rxh7 Nd2 55. e5+ fxe5 56. fxe5+ Kd7 57. Rg7 c6+ 58. Ka6 Nf3 59. Rxg6 Nxe5 60. Rh6 Bd6
61. h4 c5 62. Kb5 c4 63. Rf6 c3 64. Rf1 Ng4 65. Rc1 Be5 66. Kc4 Ne3+ 67. Kd3 Nd5 68. g4 Kd6 69. h5 Kc5 70. h6 Bf6
71. Ke4 Kc4 72. Kf5 Bd4 73. g5 Ne7+ 74. Ke4 Bh8 75. h7 Nc6 76. g6 Bg7 77. Ke3 Nd4 78. Rh1 Bh8 79. g7=
1/2-1/2

[Event "Team Sweden Open Knockout Tournament 2007"]
[Site "SchemingMind.com"]
[Date "2007.07.18"]
[Round "-"]
[White "clario"]
[Black "MichaelDV"]
[Result "1-0"]
[WhiteCountry "RSA"]
[BlackCountry "SWE"]
[WhiteElo "2235"]
[WhiteRD "130"]
[BlackElo "2361"]
[BlackRD "72"]
[GameID "113175"]

1. d4 Nf6 2. c4 e6 3. Nc3 Bb4 4. Qc2 d6 5. Nf3 Nbd7 6. g3 b6 7. Bg2 Bb7 8. O-O Bxc3 9. Qxc3 O-O 10. Bf4 Qe7
11. Rad1 Ne4 12. Qc2 f5 13. Ng5 Ndf6 14. Qc1 e5 15. dxe5 dxe5 16. Be3 Rad8 17. Nxe4 Bxe4 18. f3 Bb7 19. Bf2 c5 20. Bh3 g6
21. Bg2 e4 22. Be3 Bc6 23. Qc3 Nh5 24. Bh6 Rfe8 25. f4 Qf6 26. Qc2
1-0

[Event "Team Sweden Open Knockout Tournament 2007"]
[Site "SchemingMind.com"]
[Date "2007.08.20"]
[Round "-"]
[White "crespov"]
[Black "John Elburg"]
[Result "0-1"]
[WhiteCountry "CHI"]
[BlackCountry "NED"]
[WhiteElo "1645"]
[WhiteRD "84"]
[BlackElo "2261"]
[BlackRD "93"]
[GameID "117083"]

1. c4 Nf6 2. Nc3 e6 3. d4 Bb4 4. Qb3 c5 5. Nf3 b6 6. Bd2 O-O 7. e3 Bb7 8. Be2 d5 9. O-O Bxc3 10. Bxc3 dxc4
11. Qxc4 Ba6 12. Qb3 Bxe2 13. Rfe1 Bxf3 14. gxf3 cxd4 15. Bxd4 Nc6 16. Bc3 Qd5 17. Qd1 Qh5 18. a3 Rfd8 19. Qe2 Nd5 20. Kh1 Nxc3
21. bxc3 Ne5 22. f4 Nf3
0-1

[Event "Team Sweden Open Knockout Tournament 2007"]
[Site "SchemingMind.com"]
[Date "2007.08.19"]
[Round "-"]
[White "John Elburg"]
[Black "crespov"]
[Result "1-0"]
[WhiteCountry "NED"]
[BlackCountry "CHI"]
[WhiteElo "2246"]
[WhiteRD "97"]
[BlackElo "1645"]
[BlackRD "86"]
[GameID "117090"]

1. e4 c5 2. Nf3 Nc6 3. Bb5 a6 4. Bxc6 bxc6 5. h3 d6 6. O-O Nf6 7. d3 e5 8. Nc3 Be7 9. a4 O-O 10. Re1 Re8
11. b3 h6 12. Bb2 Rb8 13. Nb1 Bb7 14. Nbd2 Nd7 15. Nf1 Bf6 16. Ng3 d5 17. Nf5 d4 18. Nd2 a5 19. Nc4 Bc8 20. Ncd6 Re6
21. Qg4 Bg5 22. Nxc8 Rxc8 23. h4 Bf6 24. Nxh6+ Kf8 25. Nf5 g6 26. Ng3 Bg7 27. Bc1 Nf6 28. Qh3 Nh7 29. Rf1 Qe7 30. Bd2 Bf6
31. h5 Kg7 32. Bxa5 Bg5 33. Qg4 Qf6 34. Bb6 Ree8 35. Bxc5 Ra8 36. hxg6 fxg6 37. f4 Bxf4 38. Nh5+
1-0

[Event "Team Sweden Open Knockout Tournament 2007"]
[Site "SchemingMind.com"]
[Date "2007.09.08"]
[Round "-"]
[White "Rhel"]
[Black "C. H. O'D. Schlechter"]
[Result "0-1"]
[WhiteCountry "GBR"]
[BlackCountry "USA"]
[WhiteElo "2179"]
[WhiteRD "94"]
[BlackElo "2395"]
[BlackRD "69"]
[GameID "119032"]

1. d4 d5 2. c4 e5 3. dxe5 d4 4. Nf3 Nc6 5. g3 Nge7 6. Bg2 Ng6 7. O-O Ngxe5 8. Nxe5 Nxe5 9. b3 Bc5 10. Bb2 O-O
11. Nd2 a5 12. Ne4 Ba7 13. Qd2 Re8 14. Rad1 c5 15. e3 Bh3 16. exd4 cxd4 17. Rfe1 Bxg2 18. Kxg2 Nc6 19. f3 f5 20. Nf2 Qd7
21. Nd3 Rad8 22. Nf4 Bc5 23. a3 Qf7 24. Qd3 b6 25. Nd5 b5 26. Rxe8+ Rxe8 27. Qc2 Ne5 28. Bxd4 Bxd4 29. Rxd4 Nxf3
0-1

[Event "Team Sweden Open Knockout Tournament 2007"]
[Site "SchemingMind.com"]
[Date "2007.09.08"]
[Round "-"]
[White "C. H. O'D. Schlechter"]
[Black "Rhel"]
[Result "1/2-1/2"]
[WhiteCountry "USA"]
[BlackCountry "GBR"]
[WhiteElo "2395"]
[WhiteRD "69"]
[BlackElo "2179"]
[BlackRD "94"]
[GameID "119045"]

1. e4 c5 2. Nc3 Nc6 3. f4 g6 4. Nf3 Bg7 5. Bb5 Nd4 6. O-O Nxb5 7. Nxb5 d5 8. exd5 a6 9. Nc3 Nf6 10. d4 c4
11. Qe2 Nxd5 12. Qxc4 Be6 13. Re1 O-O 14. Qe2 Rc8 15. Nxd5 Bxd5 16. c3 e6 17. Ne5 Re8 18. Be3 f6 19. Nd3 Bf8 20. Bd2 Qc7
21. b3 b5 22. Qg4 Qc6 23. Re3 Rc7 24. Qh4 Bxg2 25. Qxf6 Bd5 26. Qg5 Bd6 27. Ne5 Bxe5 28. Rxe5 Rf8 29. Rae1=
1/2-1/2

[Event "Team Sweden Open Knockout Tournament 2007"]
[Site "SchemingMind.com"]
[Date "2007.10.23"]
[Round "-"]
[White "Space"]
[Black "trashy"]
[Result "1-0"]
[WhiteCountry "SWE"]
[BlackCountry "POR"]
[WhiteElo "2247"]
[WhiteRD "80"]
[BlackElo "2013"]
[BlackRD "95"]
[GameID "125602"]

1. e4 Nf6 2. e5 Nd5 3. d4 d6 4. Nf3 Bg4 5. Be2 e6 6. O-O Be7 7. c4 Nb6 8. h3 Bh5 9. Nc3 O-O 10. Be3 N8d7
11. b3 c5 12. exd6 Bxd6 13. Ne4 cxd4 14. Nxd4 Bxe2 15. Qxe2 Be5 16. Rad1 Qe7 17. f4 Bf6 18. Nb5
1-0

[Event "Team Sweden Open Knockout Tournament 2007"]
[Site "SchemingMind.com"]
[Date "2007.10.22"]
[Round "-"]
[White "trashy"]
[Black "Space"]
[Result "1/2-1/2"]
[WhiteCountry "POR"]
[BlackCountry "SWE"]
[WhiteElo "2013"]
[WhiteRD "95"]
[BlackElo "2247"]
[BlackRD "80"]
[GameID "125607"]

1. d4 Nf6 2. Nf3 c5 3. e3 e6 4. Bd3 d5 5. c3 Nc6 6. Nbd2 Bd6 7. O-O O-O 8. dxc5 Bxc5 9. e4 Qc7 10. exd5 exd5
11. Nb3 Bb6 12. Bc2 h6 13. h3 Re8 14. Nbd4 Ne4 15. Be3 Nxd4 16. Bxd4 Be6= 17. Re1 Bxd4 18. Nxd4 Bd7 19. Qd3 Rad8 20. Rad1=
1/2-1/2

[Event "Team Sweden Open Knockout Tournament 2007"]
[Site "SchemingMind.com"]
[Date "2007.10.31"]
[Round "-"]
[White "John Elburg"]
[Black "peeuukoo"]
[Result "1-0"]
[WhiteCountry "NED"]
[BlackCountry "FIN"]
[WhiteElo "2257"]
[WhiteRD "102"]
[BlackElo "2038"]
[BlackRD "80"]
[GameID "127066"]

1. e4 e5 2. Nf3 Nc6 3. Bb5 a6 4. Ba4 Nf6 5. O-O Be7 6. Re1 b5 7. Bb3 O-O 8. c3 d6 9. h3 Na5 10. Bc2 c5
11. d4 Nd7 12. Nbd2 cxd4 13. cxd4 Nc6 14. Nb3 a5 15. Be3 a4 16. Nbd2 exd4 17. Nxd4 Nxd4 18. Bxd4 Ne5 19. Nf1 Nc6 20. Ne3 a3
21. bxa3 Nxd4 22. Qxd4 Rxa3 23. Nd5 Be6 24. Bb3 Bxd5 25. Qxd5 Qb6 26. Rac1 Raa8 27. Rc6 Qb8 28. Rec1 Kh8 29. Rc7 Qe8 30. Qf5 Bf6
31. Bd5 Rb8 32. g3 b4 33. Bxf7 Qe5 34. Qxe5 Bxe5 35. f4 Bd4+ 36. Kg2 g6 37. R1c6 Rb6 38. Rc4 Bb2 39. Rd7 Kg7 40. Bd5+
1-0

[Event "Team Sweden Open Knockout Tournament 2007"]
[Site "SchemingMind.com"]
[Date "2007.10.31"]
[Round "-"]
[White "peeuukoo"]
[Black "John Elburg"]
[Result "0-1"]
[WhiteCountry "FIN"]
[BlackCountry "NED"]
[WhiteElo "2039"]
[WhiteRD "83"]
[BlackElo "2270"]
[BlackRD "104"]
[GameID "127083"]

1. d4 e6 2. c4 Nf6 3. Nf3 d5 4. Nc3 c6 5. cxd5 exd5 6. Bg5 Be7 7. e3 Nbd7 8. Bd3 O-O 9. O-O Re8 10. Qc2 Nf8
11. h3 Be6 12. Bf4 Rc8 13. Rac1 Ng6 14. Bxg6 hxg6 15. Qd1 Qb6 16. Na4 Qb5 17. b4 Bxb4 18. Rb1 Bf5 19. Rb2 Qa5 20. a3 Bxa3
21. Rxb7 Qa6 22. Qb3 Bc2 23. Qxa3 Qxb7 24. Nc5 Qb6 25. Ra1 Ra8 26. Na6 Rec8 27. Ne5 Bf5 28. Nf3 Ne4 29. Rc1 Kh7 30. Ng5+ Nxg5
31. Bxg5 Qb5 32. Bf4 Qe2 33. Ra1 f6 34. Bg3 g5 35. f3 Bxh3 36. Bf2 Bf5 37. Re1 Qc2 38. g4 Bg6 39. Kg2 Qd3 40. Qa5 f5
41. Nc5 Qc2 42. Ne6 fxg4 43. Nxg5+ Kg8 44. f4 Rcb8 45. Qc7 Rb2 46. Rf1 Rf8 47. Qd6 Bf5 48. Qe7 a5
0-1

[Event "Team Sweden Open Knockout Tournament 2007"]
[Site "SchemingMind.com"]
[Date "2008.01.13"]
[Round "-"]
[White "Space"]
[Black "John Elburg"]
[Result "1/2-1/2"]
[WhiteCountry "SWE"]
[BlackCountry "NED"]
[WhiteElo "2261"]
[WhiteRD "81"]
[BlackElo "2267"]
[BlackRD "101"]
[GameID "137234"]

1. e4 e6 2. d4 d5 3. Nc3 Nf6 4. Bg5 Bb4 5. e5 h6 6. Bd2 Bxc3 7. bxc3 Ne4 8. Qg4 g6 9. Bd3 Nxd2 10. Kxd2 c5
11. h4 Qa5 12. Nf3 Nc6 13. Qf4 cxd4 14. Nxd4 Nxd4 15. Qxd4 Bd7 16. Rhb1 Bc6 17. a4 Qc7 18. a5=
1/2-1/2

[Event "Team Sweden Open Knockout Tournament 2007"]
[Site "SchemingMind.com"]
[Date "2008.01.13"]
[Round "-"]
[White "John Elburg"]
[Black "Space"]
[Result "1/2-1/2"]
[WhiteCountry "NED"]
[BlackCountry "SWE"]
[WhiteElo "2267"]
[WhiteRD "101"]
[BlackElo "2261"]
[BlackRD "81"]
[GameID "137237"]

1. e4 c5 2. Nf3 d6 3. d4 cxd4 4. Nxd4 Nf6 5. Nc3 a6 6. Be3 e5 7. Nb3 Be6 8. f3 h5 9. Qd2 Nbd7 10. O-O-O Be7
11. Kb1 Rc8 12. Nd5 Bxd5 13. exd5 Nb6 14. Qa5 Qc7 15. c3 Nc4 16. Qxc7 Rxc7 17. Bxc4 Rxc4 18. Na5 Rc7=
1/2-1/2

[Event "Team Sweden Open Knockout Tournament 2007"]
[Site "SchemingMind.com"]
[Date "2008.02.18"]
[Round "-"]
[White "C. H. O'D. Schlechter"]
[Black "clario"]
[Result "1-0"]
[WhiteCountry "USA"]
[BlackCountry "RSA"]
[WhiteElo "2415"]
[WhiteRD "72"]
[BlackElo "2105"]
[BlackRD "105"]
[GameID "141755"]

1. e4 c6 2. d4 d5 3. e5 Bf5 4. h4 h5 5. c4 e6 6. Nc3 Be7 7. Qb3 Qb6 8. c5 Qxb3 9. axb3 f6 10. Nf3 Bg4
11. exf6 Bxf6 12. Ne5 Bxe5 13. dxe5 Nd7 14. Na4 Ne7 15. Nb6 Nxb6 16. cxb6 a6 17. Be3 Ng6 18. f3 Bf5 19. Bd4 O-O 20. Kd2 Rad8
21. g3 Rf7 22. b4 Ne7 23. Be2 Bh7 24. Rhg1 Nf5 25. Bf2 Ne7 26. Bc5 d4 27. f4 Bg6 28. g4 hxg4 29. Bxg4 Nf5 30. h5 Bh7
31. h6 Kh8 32. Bh5 Rfd7 33. hxg7+ Rxg7 34. Rxg7 Nxg7 35. Be7 Rd7 36. Bf6 Kg8 37. Rg1 Kf8 38. Rxg7 Rxg7 39. Bxg7+ Kxg7 40. Bf3 Kf7
41. Bxc6 Bf5 42. Bxb7 Ke7 43. Bxa6 Kd8 44. Bd3 Bh3 45. Be4 Bf1 46. f5 exf5 47. Bxf5 Bb5 48. e6 Kc8 49. Bd3 Bc6 50. Ba6+
1-0

[Event "Team Sweden Open Knockout Tournament 2007"]
[Site "SchemingMind.com"]
[Date "2008.02.18"]
[Round "-"]
[White "clario"]
[Black "C. H. O'D. Schlechter"]
[Result "0-1"]
[WhiteCountry "RSA"]
[BlackCountry "USA"]
[WhiteElo "2105"]
[WhiteRD "105"]
[BlackElo "2415"]
[BlackRD "72"]
[GameID "141759"]

1. d4 Nf6 2. c4 e5 3. dxe5 Ng4 4. Bf4 Nc6 5. Nf3 Bb4+ 6. Nbd2 Qe7 7. e3 Ngxe5 8. Nxe5 Nxe5 9. Be2 O-O 10. O-O Bxd2
11. Qxd2 d6 12. Rad1 Re8 13. Qd5 Be6 14. Qd4 Bf5 15. Bg3 a5 16. Kh1 Nd7 17. Qf4 Bc2 18. Rd2 Ba4 19. Bh4 f6 20. Bg3 Nc5
21. Bh5 g6 22. Bf3 Bc6 23. Bd5+ Kg7 24. Qf3 Ra6 25. Rfd1 Bxd5 26. cxd5 Rb6 27. Rc1 Rb4 28. a3 Rb3 29. Rcc2 a4 30. h3 Qd7
31. Kh2 f5 32. h4 Re4 33. Qd1 Qe7 34. Re2 Qf6 35. Rcd2 h6 36. Kg1 Rg4 37. Qe1 Rc4 38. Rd4 b5 39. Rxc4 bxc4 40. Qa5 Qe7
41. Rc2 c3 42. Rxc3 Rxb2 43. Rxc5 Rb1+ 44. Kh2 dxc5 45. Qxa4 Rb2 46. Qf4 Rb3
0-1

[Event "Team Sweden Open Knockout Tournament 2007"]
[Site "SchemingMind.com"]
[Date "2008.07.21"]
[Round "-"]
[White "John Elburg"]
[Black "C. H. O'D. Schlechter"]
[Result "0-1"]
[WhiteCountry "NED"]
[BlackCountry "USA"]
[WhiteElo "2366"]
[WhiteRD "92"]
[BlackElo "2428"]
[BlackRD "73"]
[GameID "163673"]

1. e4 e6 2. d4 d5 3. Nc3 Nf6 4. Bg5 Bb4 5. e5 h6 6. Bd2 Bxc3 7. bxc3 Ne4 8. Qg4 Kf8 9. h4 c5 10. Rh3 Nc6
11. Bd3 Nxd2 12. Kxd2 c4 13. Be2 b5 14. Qf4 Bd7 15. Bh5 Be8 16. Ne2 a5 17. g4 b4 18. Rah1 Kg8 19. g5 Qb6 20. Rf3 Ra7
21. Rhh3 b3 22. cxb3 cxb3 23. axb3 Qxb3 24. Rfg3 hxg5 25. hxg5 Qa2+ 26. Kd1 Rb7 27. Nc1 Qa4+ 28. Ke1= Qa1 29. g6 fxg6 30. Bg4 Rxh3
31. Bxe6+ Bf7 32. Bxh3 Rb1 33. Kd1 Qa4+ 34. Kd2 Nxe5 35. Qxe5 Rb2+ 36. Ke3 Qd1
0-1

[Event "Team Sweden Open Knockout Tournament 2007"]
[Site "SchemingMind.com"]
[Date "2008.07.21"]
[Round "-"]
[White "C. H. O'D. Schlechter"]
[Black "John Elburg"]
[Result "1/2-1/2"]
[WhiteCountry "USA"]
[BlackCountry "NED"]
[WhiteElo "2428"]
[WhiteRD "73"]
[BlackElo "2366"]
[BlackRD "92"]
[GameID "163682"]

1. e4 e6 2. d4 d5 3. e5 c5 4. c3 Nc6 5. Nf3 Qb6 6. a3 c4 7. Nbd2 Na5 8. Be2 Bd7 9. O-O Ne7 10. Rb1 h6
11. Re1 O-O-O 12. Qc2 Kb8 13. Nf1 Qb3 14. Bd1 Qxc2 15. Bxc2 Nc8 16. Ra1 Nb6 17. a4 Be7=
1/2-1/2